Conmemoración del IV Centenario de la Batalla de Lepanto : 1571 - 1971 / textos: Comisión Ejecutiva del IV Centenario de Lepanto 1571 - 1971 / textos:

per Comisión Ejecutiva del IV Centenario de Lepanto (Espanya)

Publicat: [Madrid] : Ministerio de Información y Turismo , 1971
Descripció física: [56] p. : il. ; 31 cm

MARC

LEADER 00000nam a2200000Ia 4500
001 18022
008 160829s1971 xx 000 0 cat d
080 |a M-5-237 
100 |a Comisión Ejecutiva del IV Centenario de Lepanto (Espanya)  |9 39720 
245 |a Conmemoración del IV Centenario de la Batalla de Lepanto :  |b  1571 - 1971 / textos:  |b  Comisión Ejecutiva del IV Centenario de Lepanto 
260 |a [Madrid] :  |b Ministerio de Información y Turismo,  |c 1971 
300 |a [56] p. :  |b  il. ;  |c 31 cm 
590 |a Donatiu de l'Ajuntament de Palautordera. 
650 0 |a Lepant, Batalla de, 1571   |9 31773 
901 |a Arxiu 
942 |n 1 
952 |0 0  |1 0  |4 0  |6 M5237  |7 1  |9 49178  |a Arxiu  |b Arxiu  |d 2016-12-01  |l 0  |o M-5-237  |p 18022  |r 2016-12-01 00:00:00  |w 2016-12-01  |y ARXIU 
999 |c 53018  |d 53018